MARC

LEADER 00000nam2a2200000 4500
001 277432
005 20231101235021.0
020 |a RU  |b 86-29647ж 
035 |a (RuTPU)RU\TPU\book\300705 
090 |a 277432 
100 |a 20141202d1986 k y0rusy5003 ca 
101 0 |a rus 
102 |a AM 
105 |a a z 001zy 
200 0 |a Вып. 4 
210 |d 1986 
215 |d 20 см  |a 136 с.  |c ил. 
320 |a Библиография в конце статей 
461 1 |0 (RuTPU)RU\TPU\book\280362  |t Прикладная математика  |o межвузовский сборник научных трудов  |f Ереванский государственный университет  |v Вып. 4  |d 1981-1987 
606 1 |a Математика прикладная  |2 stltpush  |3 (RuTPU)RU\TPU\subj\53312  |9 71627 
610 1 |a трудовая мобильность 
610 1 |a математическое описание 
610 1 |a параболические уравнения 
610 1 |a цилиндрические оболочки 
610 1 |a устойчивость 
610 1 |a цилиндрические панели 
610 1 |a магнитоупругие колебания 
610 1 |a математическое моделирование 
610 1 |a изотропные упругие среды 
610 1 |a тестовые программы 
610 1 |a автоматический синтез 
610 1 |a силовые конструкции 
610 1 |a оптимальное проектирование 
675 |a 51-7  |z rus  |v 4 
801 0 |a RU  |b RuMRKP  |c 19950704  |g psbo 
801 1 |a RU  |b 63413507  |c 20141202 
801 2 |a RU  |b 63413507  |c 20170405  |g RCR 
942 |c BK